| 000 | 00974cab a2200301 4500 | ||
|---|---|---|---|
| 001 | WB3112-01 | ||
| 008 | 090401t1995 xxu||||| |||| 00| 0 eng d | ||
| 035 | _a(Sirsi) u35578 | ||
| 041 | _aeng | ||
| 245 | _aDuty of care | ||
| 260 | _c1995 | ||
| 350 | _a0 | ||
| 490 |
_aSolicitors` Journal _v139(10) 17 March 1995, 244-245(1) |
||
| 520 | _aDiscusses "De Balkany v Christie, Manson & Woods" Times 19/1/1995 which considers whether the auctioneers were negligent in describing a forged painting to be by Schiele in their catalogue and whether the purchaser was entitled to damages. | ||
| 650 | _aAUCTIONEERS | ||
| 650 | _aCHRISTIES | ||
| 650 | _aCONDITION REPORTS | ||
| 650 | _aDAMAGES | ||
| 650 | _aDE BALKANY V CHRISTIE MANSON & WOODS | ||
| 650 | _aSURVEYORS' DUTY OF CARE | ||
| 650 | _aFORGED PAINTINGS | ||
| 650 | _aFORGERIES | ||
| 650 | _aLIABILITY | ||
| 650 | _aNEGLIGENCE | ||
| 690 |
_aAuctioneering _96218 |
||
| 942 | _n0 | ||
| 948 | _c04/03/1997 | ||
| 999 |
_c23280 _d23280 |
||